000 00678cam a22002412 4500
999 _c1602
_d1602
001 0000021019
003 OSt
005 20170525152303.0
008 120109s xx 000 0 eng d
020 _a0070700400 :
040 _aKABU
_cKABU
100 1 _aGarrison, Ray H.
245 1 0 _aManagerial accounting /
_cRay H. Garrison, Eric W. Noreen, Peter C. Brewer.
250 _a11th ed.
260 _aNew Delhi :
_bTata McGraw-Hill,
_c2006.
300 _axvi, 863 p.
650 0 _aManagerial accounting.
700 1 _aNoreen, Eric W.
700 1 _aBrewer, Peter C.
908 _a120109
942 _2lcc
_cBK